| 000 | 00679nam a22002057a 4500 | ||
|---|---|---|---|
| 999 |
_c7929 _d7929 |
||
| 003 | OSt | ||
| 005 | 20220802154436.0 | ||
| 008 | 220802b ||||| |||| 00| 0 eng d | ||
| 040 | _cNLM | ||
| 082 | _aWO240 D727u 2011 | ||
| 100 |
_aJerry A. Dorsch; Susan E. Dorsch _916113 |
||
| 245 | _aUnderstanding anesthesia equipment. | ||
| 250 | _a5th ed. | ||
| 260 |
_a Philadelphia : _b Wolters Kluwer Health _cc2011 |
||
| 300 |
_axii, 1036 pages : _b illustrations ; _c28 cm. |
||
| 504 | _aIncludes bibliographical references and index. | ||
| 650 |
_a Anesthesiology -- Apparatus and instruments. _916114 |
||
| 650 |
_aAnesthesiology -- instrumentation. _916115 |
||
| 942 |
_2z _cBOOK |
||